000 01293cam a2200205 4500
001 ABS66929
008 030723n2003 000 0 eng u
035 _a(Sirsi) u123094
245 _aDano Ltd v Earl Cadogan and others
260 _c2003
520 _a[2003] EWCA Civ 782, 19 May 2003. Appeal by defendant (C) and others against HC decision ([2003] EWHC 239 (Ch), [2003] 12 EG 128 (CS)) which held that a covenant imposed in 1929 restricting the use of the property in dispute was no longer enforceable. The covenant restricted the use of the disputed site to working class housing as long as the adjoining or neighbouring property formed part of the Cadogan Settled Estate in Chelsea. The 1899 settlement remained in force until 1962 when the disputed site and adjoining property ceased to be settled land. The restrictive covenant was broken. CA upheld HC decision. Appeal dismissed. View judgment at www.bailii.org.
590 _aABS
650 _aCADOGAN ESTATE
650 _aDANO LTD V EARL CADOGAN AND OTHERS
650 _aRESTRICTIVE COVENANTS
650 _aWORKING CLASS HOUSING
690 _aPROPERTY AND LAND LAW-CASE LAW
856 _uhttps://www.bailii.org/cgi-bin/markup.cgi?doc=/ew/cases/EWCA/Civ/2003/782.htmlll
_zView judgment at Bailii website...
942 _n0
999 _c73097
_d73097